<?xml version="1.0" encoding="UTF-8"?>
<record
    xmlns:xsi="http://www.w3.org/2001/XMLSchema-instance"
    xsi:schemaLocation="http://www.loc.gov/MARC21/slim http://www.loc.gov/standards/marcxml/schema/MARC21slim.xsd"
    xmlns="http://www.loc.gov/MARC21/slim">

  <leader>03625nam a2200553Ia 4500</leader>
  <controlfield tag="001">184</controlfield>
  <controlfield tag="008">241029s9999    xx            000 0 und d</controlfield>
  <datafield tag="010" ind1=" " ind2=" ">
    <subfield code="a">161</subfield>
  </datafield>
  <datafield tag="041" ind1=" " ind2=" ">
    <subfield code="a">Espa&#xF1;ol</subfield>
  </datafield>
  <datafield tag="082" ind1=" " ind2=" ">
    <subfield code="a">NO APLICA</subfield>
  </datafield>
  <datafield tag="245" ind1=" " ind2="0">
    <subfield code="a">Metodolog&#xED;a aplicada en la ense&#xF1;anza aprendizaje de la geograf&#xED;a en los Centros Educativos del Nivel Medio del Distrito 02-06 de la Regional 02 San Juan Oeste</subfield>
  </datafield>
  <datafield tag="260" ind1=" " ind2=" ">
    <subfield code="a">San Juan</subfield>
  </datafield>
  <datafield tag="300" ind1=" " ind2=" ">
    <subfield code="a">72</subfield>
  </datafield>
  <datafield tag="520" ind1=" " ind2=" ">
    <subfield code="a">8</subfield>
  </datafield>
  <datafield tag="630" ind1=" " ind2=" ">
    <subfield code="a">Centros Educativos</subfield>
  </datafield>
  <datafield tag="630" ind1=" " ind2=" ">
    <subfield code="a">Ense&#xF1;anza-Aprendizaje</subfield>
  </datafield>
  <datafield tag="630" ind1=" " ind2=" ">
    <subfield code="a">Metodolog&#xED;a de Ense&#xF1;anza</subfield>
  </datafield>
  <datafield tag="650" ind1=" " ind2=" ">
    <subfield code="a">Ciencias Sociales</subfield>
  </datafield>
  <datafield tag="690" ind1=" " ind2=" ">
    <subfield code="a">Elaborado</subfield>
  </datafield>
  <datafield tag="700" ind1=" " ind2=" ">
    <subfield code="e">asesor</subfield>
    <subfield code="a">Zarzuela Bid&#xF3;, Jos&#xE9; Mercedes </subfield>
  </datafield>
  <datafield tag="700" ind1=" " ind2=" ">
    <subfield code="e">autor</subfield>
    <subfield code="a"> Rodr&#xED;guez Paniagua, Evangelista</subfield>
  </datafield>
  <datafield tag="700" ind1=" " ind2=" ">
    <subfield code="e">autor</subfield>
    <subfield code="a">Merenciana, Bid&#xF3; Ogando</subfield>
  </datafield>
  <datafield tag="901" ind1=" " ind2=" ">
    <subfield code="a">{"1":" Rodr&#xED;guez Paniagua","2":"Merenciana"}</subfield>
    <subfield code="b">{"1":"Evangelista","2":"Bid&#xF3; Ogando"}</subfield>
  </datafield>
  <datafield tag="902" ind1=" " ind2=" ">
    <subfield code="a">1</subfield>
  </datafield>
  <datafield tag="903" ind1=" " ind2=" ">
    <subfield code="a">{"1":"Zarzuela Bid&#xF3;"}</subfield>
    <subfield code="b">{"1":"Jos&#xE9; Mercedes "}</subfield>
  </datafield>
  <datafield tag="904" ind1=" " ind2=" ">
    <subfield code="a">Mag&#xED;ster en</subfield>
  </datafield>
  <datafield tag="905" ind1=" " ind2=" ">
    <subfield code="a">Ciencias Sociales</subfield>
  </datafield>
  <datafield tag="906" ind1=" " ind2=" ">
    <subfield code="a">2</subfield>
  </datafield>
  <datafield tag="907" ind1=" " ind2=" ">
    <subfield code="a">NO APLICA</subfield>
  </datafield>
  <datafield tag="908" ind1=" " ind2=" ">
    <subfield code="a">NO APLICA</subfield>
  </datafield>
  <datafield tag="909" ind1=" " ind2=" ">
    <subfield code="a">ISFODOSU, Recinto Urania Mont&#xE1;s</subfield>
  </datafield>
  <datafield tag="910" ind1=" " ind2=" ">
    <subfield code="a">NULL</subfield>
    <subfield code="b">NULL</subfield>
  </datafield>
  <datafield tag="911" ind1=" " ind2=" ">
    <subfield code="a">["1"]</subfield>
  </datafield>
  <datafield tag="912" ind1=" " ind2=" ">
    <subfield code="a">NO APLICA</subfield>
  </datafield>
  <datafield tag="913" ind1=" " ind2=" ">
    <subfield code="a">NULL</subfield>
  </datafield>
  <datafield tag="914" ind1=" " ind2=" ">
    <subfield code="a">04 de Abril de 2012</subfield>
  </datafield>
  <datafield tag="915" ind1=" " ind2=" ">
    <subfield code="a">07/07/15 11:07</subfield>
  </datafield>
  <datafield tag="916" ind1=" " ind2=" ">
    <subfield code="a">NULL</subfield>
  </datafield>
  <datafield tag="917" ind1=" " ind2=" ">
    <subfield code="a">NULL</subfield>
  </datafield>
  <datafield tag="918" ind1=" " ind2=" ">
    <subfield code="a">NO APLICA</subfield>
  </datafield>
  <datafield tag="919" ind1=" " ind2=" ">
    <subfield code="a">["33","89","139"]</subfield>
  </datafield>
  <datafield tag="520" ind1=" " ind2=" ">
    <subfield code="a">Este estudi&#xF3; estableci&#xF3; como objetivo general analizar la metodolog&#xED;a utilizada por los docentes en los procesos de ense&#xF1;anza-aprendizaje de la geograf&#xED;a, en los Centros Educativos del Nivel Medio del Distrito Educativo 02-06. Plante&#xF3; como objetivos espec&#xED;ficos determinar la estrategia de aprendizaje utilizada por los docentes en la ense&#xF1;anza de la geograf&#xED;a, identificar los materiales did&#xE1;cticos utilizados en la ense&#xF1;anza de la geograf&#xED;a, analizar los resultados obtenidos en la aplicaci&#xF3;n de la metodolog&#xED;a para la ense&#xF1;anza de la geograf&#xED;a, determinar la metodolog&#xED;a implementada en la ense&#xF1;anza de la geograf&#xED;a y establecer el nivel de formaci&#xF3;n y especialidad de los docentes que imparten la asignatura de geograf&#xED;a.El estudio fue de car&#xE1;cter explicativo, utiliz&#xF3; el m&#xE9;todo l&#xF3;gico deductivo; las t&#xE9;cnicas de recolecci&#xF3;n de datos utilizadas fueron: Instructivo, cuestionario, gu&#xED;as de observaci&#xF3;n y hojas de registro, aplic&#xF3; fichas de observaci&#xF3;n de clase y cuestionarios abiertos y cerrados. El Universo de estudio estuvo constituido por los docentes de los centros educativos del Nivel Medio del Distrito 02-06, Regional 02 San Juan, en la modalidad general y sus respectivas tandas matutina, vespertina y nocturna; de las cuales se tomaron dos muestras por tanda.&#xA0;Entre las conclusiones se estableci&#xF3; que la metodolog&#xED;a aplicada por los docentes, en las distintas pr&#xE1;cticas &#xA0;pedag&#xF3;gicas, evidencia que la misma no proporciona aprendizaje significativo en los alumnos, ya que las estrategias y actividades utilizadas, no parten de los conocimientos previos para interpretar nuevos saberes; para lo cual se recomend&#xF3; capacitaci&#xF3;n de metodolog&#xED;a para la ense&#xF1;anza geogr&#xE1;fica a los docentes de los distritos 02-06 y promover el uso de distintos recursos geogr&#xE1;ficos, tales como: mapas f&#xED;sicos y pol&#xED;ticos de la Rep&#xFA;blica Dominicana, globos terr&#xE1;queos, mapas de las Antillas, mapas mundi f&#xED;sico y pol&#xED;ticos, mapas de Estados Unidos, documentales e internet, entre otras.Para visualizar este estudio en su totalidad haga click aqu&#xED;</subfield>
  </datafield>
  <datafield tag="921" ind1=" " ind2=" ">
    <subfield code="a">24</subfield>
  </datafield>
  <datafield tag="922" ind1=" " ind2=" ">
    <subfield code="a">24</subfield>
  </datafield>
  <datafield tag="923" ind1=" " ind2=" ">
    <subfield code="a">0</subfield>
  </datafield>
  <datafield tag="924" ind1=" " ind2=" ">
    <subfield code="a">NO APLICA</subfield>
  </datafield>
  <datafield tag="942" ind1=" " ind2=" ">
    <subfield code="c">Tesis</subfield>
  </datafield>
  <datafield tag="999" ind1=" " ind2=" ">
    <subfield code="c">161</subfield>
    <subfield code="d">161</subfield>
  </datafield>
</record>
